000
002880000a22001450004500
003
MACL
040
_a
MACL
090
_c
33545
_d
33543
100
_a
Kapil P N
245
_a
Objective Chemistry
260
_b
S Dinesh & co
350
_a
590
650
_a
Physics
942
_c
BOOK
_k
530/KAP
999
_c
33194
_d
33194